[Event "Østlandsserien 2004/2005, 2. div. A"]
[Site "Ås, Akershus NOR"]
[Date "2005.03.06"]
[Round "7"]
[White "Lange, Holger"]
[Black "Sørgjerd, Jan"]
[Result "0-1"]
[WhiteElo "1729"]
[BlackElo "2081"]
[PlyCount "120"]
[EventDate "2004.11.07"]

1. e4 c5 2. Nf3 d6 3. d4 cxd4 4. Nxd4 Nf6 5. Nc3 a6 6. Bg5 e6 7. Be2 Nbd7 8.
O-O Qc7 9. Kh1 b5 10. a3 Bb7 11. f3 Be7 12. Qd2 O-O 13. Rad1 Rac8 14. Rfe1 Rfd8
15. Be3 Ne5 16. Nb3 d5 17. exd5 Nxd5 18. Nxd5 Rxd5 19. Bd3 Nc4 20. Qc1 Nxe3 21.
Qxe3 Rh5 22. h3 Qg3 23. Be4 Bxe4 24. fxe4 Qxe3 25. Rxe3 Rxc2 26. Rc1 Rhc5 27.
Rb1 Rg5 28. g4 h5 29. Nd4 Rc4 30. Nf3 Rgc5 31. Re2 hxg4 32. hxg4 Rc2 33. Rbe1
f6 34. Nd4 Rxe2 35. Rxe2 Kf7 36. Kg2 Bd6 37. Kf3 Rc1 38. Nb3 Rh1 39. Nd4 Rh3+
40. Kf2 Bc5 41. Kg2 Rh4 42. Kg3 g5 43. Nf3 Rh1 44. Rc2 Be3 45. Rc7+ Kg6 46. Rc6
Rb1 47. Rxe6 Kf7 48. Rxa6 Rxb2 49. Rc6 Bf4+ 50. Kh3 Rb3 51. Kg2 Rxa3 52. Rb6
Ra2+ 53. Kh3 Rf2 54. Rxb5 Rxf3+ 55. Kg2 Rg3+ 56. Kf2 Rxg4 57. Rb4 Be5 58. Rb7+
Kg6 59. Kf3 Rf4+ 60. Ke3 g4 0-1

[Event "Østlandsserien 2004/2005, 2. div. A"]
[Site "Ås, Akershus NOR"]
[Date "2005.03.06"]
[Round "7"]
[White "Thanke, Bror"]
[Black "Lea, Per"]
[Result "1-0"]
[WhiteElo "2042"]
[BlackElo "1625"]
[PlyCount "59"]
[EventDate "2004.11.07"]

1. e4 e5 2. f4 d5 3. exd5 e4 4. Nc3 Nf6 5. d3 Bf5 6. dxe4 Nxe4 7. Qe2 Qe7 8. d6
Nxd6 9. Nd5 Qxe2+ 10. Nxe2 Kd7 11. Be3 Nc6 12. O-O-O Rd8 13. Nd4 Nxd4 14. Bxd4
a6 15. c4 Kc8 16. Be2 Be4 17. Rhg1 Nf5 18. Bg4 Kb8 19. Bxf5 Bxf5 20. Be5 Rd7
21. Nb6 Rxd1+ 22. Rxd1 Be7 23. Nd5 Bd6 24. Bxd6 cxd6 25. Ne3 Be6 26. Rxd6 Kc7
27. Rd4 Rd8 28. Rxd8 Kxd8 29. Kd2 Kd7 30. f5 1-0

[Event "Østlandsserien 2004/2005, 2. div. A"]
[Site "Ås, Akershus NOR"]
[Date "2005.03.06"]
[Round "7"]
[White "Hovland, Arne"]
[Black "Eckhardt, Lars"]
[Result "0-1"]
[WhiteElo "1670"]
[BlackElo "2011"]
[PlyCount "102"]
[EventDate "2004.11.07"]

1. d4 d5 2. c4 c6 3. Nf3 Nf6 4. Nc3 e6 5. cxd5 exd5 6. Bf4 Be7 7. e3 Bg4 8. Bd3
O-O 9. Qd2 Nbd7 10. h3 Bh5 11. Ne5 Re8 12. O-O Nf8 13. Bh2 Bg6 14. Nxg6 hxg6
15. Rac1 Bd6 16. Rfe1 Ne6 17. g3 Ng5 18. Kg2 Qd7 19. Bf1 Qxh3+ 20. Kh1 Qxh2+
21. Kxh2 Nf3+ 22. Kg2 Nxd2 23. Bd3 Nde4 24. Rh1 Nxc3 25. bxc3 Ne4 26. Rh3 f5
27. c4 Kf7 28. Rb1 b6 29. Rb2 Rh8 30. Rxh8 Rxh8 31. c5 Bc7 32. cxb6 Bxb6 33. a4
Rc8 34. Ba6 Rc7 35. Ra2 Ba5 36. Ra3 Ke6 37. Rb3 Nc3 38. Kf3 c5 39. dxc5 Rxc5
40. Rb7 Rc7 41. Rb8 Nxa4 42. Kf4 Nc5 43. Bf1 Be1 44. Kg5 Bxf2 45. Kxg6 Ne4 46.
g4 fxg4 47. Be2 Nf6 48. Rb3 g3 49. Bf3 Rc4 50. Ra3 g2 51. Ra6+ Ke5 0-1

[Event "Østlandsserien 2004/2005, 2. div. A"]
[Site "Ås, Akershus NOR"]
[Date "2005.03.06"]
[Round "7"]
[White "Gulbrandsen, Tor"]
[Black "Moberg, Jan Rune"]
[Result "1/2-1/2"]
[WhiteElo "1975"]
[BlackElo "1537"]
[PlyCount "93"]
[EventDate "2004.11.07"]

1. e4 e5 2. Nf3 d6 3. d4 Nd7 4. Bc4 c6 5. O-O Be7 6. Nc3 Ngf6 7. Be3 O-O 8. Bb3
b5 9. d5 Bb7 10. dxc6 Bxc6 11. Bd5 Qc7 12. a3 Qb7 13. Qd3 Bxd5 14. exd5 a6 15.
Rad1 Rac8 16. Rfe1 Bd8 17. Ng5 Re8 18. Nce4 Nxe4 19. Nxe4 Qc7 20. c3 f5 21. Ng5
Bxg5 22. Bxg5 Rf8 23. f3 Rf7 24. Be3 Qc4 25. Re2 a5 26. Rc2 a4 27. Re2 Nc5 28.
Qxc4 bxc4 29. f4 e4 30. Bxc5 Rxc5 31. Kf2 Rb7 32. Ke3 Rbb5 33. Rd4 Kf7 34. g4
g6 35. gxf5 gxf5 36. h4 Ra5 37. Rg2 Rxd5 38. Rxc4 Rd3+ 39. Ke2 Rad5 40. Rxa4
Rd2+ 41. Kf1 Rd1+ 42. Kf2 R5d2+ 43. Kg3 e3 44. Ra7+ Ke6 45. Ra8 Kd7 46. Ra7+
Ke6 47. Ra8 1/2-1/2

[Event "Østlandsserien 2004/2005, 4. div. C"]
[Site "Oslo NOR"]
[Date "2004.11.07"]
[Round "1"]
[White "Furnes, Torstein"]
[Black "Heitun, Odd Gunnar"]
[Result "1-0"]
[WhiteElo "1549"]
[BlackElo "1328"]
[PlyCount "65"]
[EventDate "2004.11.07"]
[Board "1"]
[WhiteTeam "Follo 2"]
[BlackTeam "1911 3"]

1. d4 Nf6 2. c4 g6 3. Nc3 d5 4. cxd5 Nxd5 5. e4 Nxc3 6. bxc3 Bg7 7. Nf3 c5 8.
Bb5+ Bd7 9. Bxd7+ Nxd7 10. O-O cxd4 11. cxd4 O-O 12. Rb1 b6 13. Bb2 Re8 14. d5
Bxb2 15. Rxb2 Nc5 16. e5 Ne4 17. Qd4 f5 18. Nd2 Nc5 19. f4 Ne6 20. Qd3 Nc7 21.
d6 exd6 22. Qxd6 Re7 23. Nc4 Rd7 24. Qc6 Rd5 25. Nd6 Rc5 26. Qf3 Rb8 27. Rd1
Qe7 28. Rbd2 Rd8 29. Nxf5 gxf5 30. Rxd8+ Ne8 31. Qa8 Kf8 32. Rxe8+ Qxe8 33. Rd8
1-0

[Event "Østlandsserien 2004/2005, 4. div. C"]
[Site "Oslo NOR"]
[Date "2004.12.05"]
[Round "2"]
[White "Furnes, Torstein"]
[Black "Aarnes, Carl"]
[Result "0-1"]
[WhiteElo "1549"]
[BlackElo "1482"]
[PlyCount "40"]
[EventDate "2004.11.07"]
[Board "1"]
[WhiteTeam "Follo 2"]
[BlackTeam "Nordstrand 5"]

1. d4 Nf6 2. c4 e5 3. dxe5 Ng4 4. Qd4 d6 5. exd6 Nc6 6. Qe4+ Be6 7. dxc7 Qxc7
8. Bf4 Qb6 9. Nd2 Qxf2+ 10. Kd1 O-O-O 11. Ngf3 Qb6 12. Bg3 g6 13. Qb1 Bf5 14.
e4 Ne3+ 15. Ke2 Be6 16. Bf2 Bh6 17. a4 Nd4+ 18. Nxd4 Qxd4 19. Nf3 Qxc4+ 20. Ke1
Qb4+ 0-1

[Event "Østlandsserien 2004/2005, 4. div. C"]
[Site "Follo, Akershus NOR"]
[Date "2005.01.15"]
[Round "3"]
[White "Briseid, Håkon"]
[Black "Furnes, Torstein"]
[Result "1-0"]
[WhiteElo "1336"]
[BlackElo "1549"]
[PlyCount "63"]
[EventDate "2004.11.07"]
[Board "1"]
[WhiteTeam "Akademisk 4"]
[BlackTeam "Follo 2"]

1. e4 c5 2. Nf3 Nc6 3. d4 cxd4 4. Nxd4 e5 5. Nb5 d6 6. N1c3 a6 7. Na3 b5 8. Nd5
Nf6 9. Bg5 Be7 10. Nxe7 Qxe7 11. c4 b4 12. Nc2 O-O 13. Ne3 Be6 14. Bxf6 gxf6
15. Qh5 Nd4 16. Bd3 Kg7 17. O-O-O a5 18. f4 exf4 19. Nd5 Bxd5 20. exd5 f5 21.
Bxf5 Nxf5 22. Qxf5 Qe3+ 23. Kb1 Rfc8 24. Rhe1 Qc5 25. Re7 Rf8 26. Qxf4 Rac8 27.
Rd3 Qg1+ 28. Kc2 Qxg2+ 29. Kc1 Qg1+ 30. Kd2 Kh8 31. Rg3 Qxh2+ 32. Re2 1-0

[Event "Østlandsserien 2004/2005, 4. div. C"]
[Site "Follo, Akershus NOR"]
[Date "2005.02.13"]
[Round "5"]
[White "Engebretsen, Tor"]
[Black "Furnes, Torstein"]
[Result "0-1"]
[WhiteElo "825"]
[BlackElo "1532"]
[PlyCount "66"]
[EventDate "2004.11.07"]
[Board "1"]
[WhiteTeam "Nordstrand 6"]
[BlackTeam "Follo 2"]

1. e4 c5 2. Bc4 e6 3. Nc3 d6 4. d3 Nf6 5. Bg5 Be7 6. Nf3 O-O 7. O-O Nc6 8. Re1
Na5 9. Bb3 Nxb3 10. axb3 Bd7 11. h3 b5 12. e5 Nd5 13. Bxe7 Qxe7 14. Nxd5 exd5
15. exd6 Qxd6 16. Qd2 Qf6 17. Ne5 Be6 18. Qc3 Rfc8 19. d4 cxd4 20. Qxd4 Rxc2
21. Ra5 a6 22. Raa1 Qg5 23. Re3 Qf5 24. Rf3 Qe4 25. Qxe4 dxe4 26. Re3 Rxb2 27.
Rxe4 Rxb3 28. Rae1 h6 29. g4 a5 30. Rd4 a4 31. Red1 a3 32. Ra1 a2 33. Rd2 Rb1+
0-1

[Event "Østlandsserien 2004/2005, 4. div. C"]
[Site "Moss, Østfold NOR"]
[Date "2005.03.05"]
[Round "6"]
[White "Furnes, Torstein"]
[Black "Henriksen, Thorbjørn"]
[Result "1-0"]
[WhiteElo "1532"]
[BlackElo "1280"]
[PlyCount "105"]
[EventDate "2004.11.07"]

1. d4 Nf6 2. c4 d5 3. cxd5 Qxd5 4. Nc3 Qa5 5. e3 Ne4 6. Qc2 Bf5 7. Bd3 Nxc3 8.
bxc3 Bxd3 9. Qxd3 e5 10. Ne2 Bd6 11. O-O Nd7 12. c4 exd4 13. exd4 O-O 14. Bf4
Qa3 15. Qxa3 Bxa3 16. Rab1 Rfe8 17. Ng3 b6 18. Rfe1 c5 19. d5 Bb4 20. Rxe8+
Rxe8 21. Kf1 h6 22. f3 g5 23. Bc7 Bc3 24. Nf5 Kh7 25. Nd6 Rf8 26. Nb5 Be5 27.
Re1 f6 28. Bxe5 Nxe5 29. Re4 Rf7 30. Ke2 Rd7 31. g4 a6 32. Nc3 b5 33. cxb5 axb5
34. Nxb5 Rxd5 35. a4 c4 36. Nc3 Rd3 37. Re3 Rd6 38. Ne4 Ra6 39. Nxf6+ Rxf6 40.
Rxe5 Rc6 41. Kd2 c3+ 42. Kc2 Kg6 43. a5 Kf6 44. Re4 Rc5 45. Ra4 Rc7 46. a6 Ra7
47. Kxc3 Ke5 48. Kc4 Kf4 49. Ra3 Ra8 50. a7 Rxa7 51. Rxa7 Kxf3 52. Rh7 Kxg4 53.
Rxh6 1-0

[Event "Østlandsserien 2004/2005, 4. div. C"]
[Site "Moss, Østfold NOR"]
[Date "2005.03.05"]
[Round "6"]
[White "Wasenius, Thomas"]
[Black "Olsen, Trygve"]
[Result "1-0"]
[WhiteElo "1093"]
[BlackElo "1194"]
[PlyCount "44"]
[EventDate "2004.11.07"]

1. e4 c5 2. Nf3 Nc6 3. d4 cxd4 4. Nxd4 g6 5. Nc3 Bg7 6. Be3 Nf6 7. f3 d6 8. Qd2
O-O 9. O-O-O Nxd4 10. Bxd4 Qa5 11. Kb1 Be6 12. Qe3 d5 13. e5 Nd7 14. g4 b6 15.
h4 Rae8 16. h5 a6 17. Bd3 Nc5 18. hxg6 Nxd3 19. gxh7+ Kh8 20. Qxd3 f6 21. Qg6
Bf7 22. exf6 exf6 1-0

[Event "Østlandsserien 2004/2005, 4. div. C"]
[Site "Moss, Østfold NOR"]
[Date "2005.03.05"]
[Round "6"]
[White "Thowsen, Alf Geir"]
[Black "Andersen, Jonathan M"]
[Result "1-0"]
[WhiteElo "1213"]
[BlackElo "1110"]
[PlyCount "85"]
[EventDate "2004.11.07"]

1. d4 d5 2. c4 Nf6 3. cxd5 Nxd5 4. e4 Nf6 5. Nc3 Nc6 6. Bb5 Bd7 7. Nf3 a6 8.
Bc4 Bg4 9. Qb3 b5 10. Bxf7+ Kd7 11. Ne5+ Nxe5 12. dxe5 e6 13. h3 Qe7 14. exf6
Qxf6 15. hxg4 Qxf7 16. Be3 Kc6 17. O-O-O Kb7 18. Rd3 Bd6 19. g3 Qf3 20. Qd1
Qxd1+ 21. Rhxd1 Rhf8 22. Ne2 a5 23. Nd4 Bc5 24. Nxe6 Bxe3+ 25. fxe3 Rfe8 26.
Nxg7 Rxe4 27. Rh1 Rxg4 28. Rxh7 Rxg3 29. Nf5 Rf3 30. Nd4 Rf1+ 31. Rd1 Rxd1+ 32.
Kxd1 Rd8 33. Ke2 Kb6 34. Rh5 b4 35. Rxa5 Rxd4 36. exd4 Kxa5 37. b3 Kb5 38. Kd3
c6 39. Ke4 Kb6 40. Ke5 Kc7 41. d5 cxd5 42. Kxd5 Kb6 43. Kc4 1-0

[Event "Østlandsserien 2004/2005, 4. div. C"]
[Site "Moss, Østfold NOR"]
[Date "2005.03.05"]
[Round "6"]
[White "Stene, Sigurd"]
[Black "Samset, Jon"]
[Result "1/2-1/2"]
[WhiteElo "1265"]
[BlackElo "1142"]
[PlyCount "40"]
[EventDate "2004.11.07"]

1. d4 Nf6 2. Nc3 e6 3. a3 d5 4. e4 dxe4 5. f3 exf3 6. Nxf3 Nc6 7. Bc4 Bd6 8.
O-O b6 9. Bg5 Bb7 10. Kh1 h6 11. Bxf6 Qxf6 12. Ne5 Qh4 13. Qf3 O-O-O 14. Qxf7
Nxd4 15. Bxe6+ Nxe6 16. Qxe6+ Kb8 17. Qg4 Qxg4 18. Nxg4 Bc5 19. Rad1 Rxd1 20.
Rxd1 h5 1/2-1/2

[Event "Østlandsserien 2004/2005, 4. div. C"]
[Site "Follo, Akershus NOR"]
[Date "2005.03.06"]
[Round "7"]
[White "Johansen, Tom Rune"]
[Black "Furnes, Torstein"]
[Result "0-1"]
[WhiteElo "1145"]
[BlackElo "1532"]
[PlyCount "30"]
[EventDate "2004.11.07"]

1. e4 c5 2. Nf3 Nc6 3. d4 cxd4 4. Nxd4 e5 5. Nb5 d6 6. N1c3 a6 7. Na3 b5 8. Nd5
Nf6 9. Nxf6+ Qxf6 10. Bd3 Be7 11. O-O O-O 12. Be3 Qg6 13. Qf3 Bg4 14. Qg3 Qh5
15. Rae1 Bh4 0-1

[Event "Østlandsserien 2004/2005, 4. div. C"]
[Site "Follo, Akershus NOR"]
[Date "2005.03.06"]
[Round "7"]
[White "Simonsen, Steinar"]
[Black "Halvorsen, Erlend"]
[Result "1-0"]
[WhiteElo "1416"]
[BlackElo "991"]
[PlyCount "27"]
[EventDate "2004.11.07"]

1. e4 e5 2. Nf3 Nc6 3. Bb5 a6 4. Ba4 b5 5. Bb3 Nf6 6. O-O Bc5 7. c3 Bb7 8. d4
exd4 9. e5 Ng4 10. Bxf7+ Kf8 11. Bh5 Ne3 12. fxe3 dxe3 13. Ng5+ Kg8 14. Qd5#
1-0

[Event "Østlandsserien 2004/2005, 4. div. C"]
[Site "Follo, Akershus NOR"]
[Date "2005.03.06"]
[Round "7"]
[White "Holst, Tor Egil"]
[Black "Olsen, Trygve"]
[Result "0-1"]
[WhiteElo "1166"]
[BlackElo "1194"]
[PlyCount "116"]
[EventDate "2004.11.07"]

1. d4 c6 2. Nf3 d6 3. Nc3 g6 4. Bf4 Bg7 5. e4 Bg4 6. Be2 Nd7 7. Qd2 Bxf3 8.
gxf3 e5 9. Be3 Ne7 10. dxe5 dxe5 11. O-O-O Qc7 12. h4 O-O-O 13. Qd6 Qxd6 14.
Rxd6 Kc7 15. Rhd1 Nc8 16. R6d3 Ncb6 17. f4 a6 18. fxe5 Bxe5 19. f4 Bxc3 20.
Rxc3 h5 21. f5 Nf6 22. Bf4+ Kc8 23. Be3 Rxd1+ 24. Kxd1 Nxe4 25. Rd3 Nc4 26. Kc1
Ng3 27. Bd1 Nxf5 28. Bf4 Re8 29. b3 Ncd6 30. c4 Ne4 31. b4 Re7 32. Bg5 Nxg5 33.
hxg5 Re5 34. Rf3 Re4 35. Bb3 Kd7 36. a3 Ke7 37. c5 Re3 38. Rxe3+ Nxe3 39. Kd2
Nd5 40. Kd3 h4 41. Bd1 h3 42. Bg4 h2 43. Bf3 Nf4+ 44. Ke3 Nh3 45. a4 Nxg5 46.
Bh1 Kf6 47. b5 cxb5 48. axb5 axb5 49. Bxb7 Ne6 50. Kf2 Nxc5 51. Bf3 Kf5 52. Kg2
b4 53. Bd1 b3 54. Kxh2 b2 55. Bc2+ Kf4 56. Kg2 Ke3 57. Kg3 f6 58. Bxg6 Nd3 0-1

[Event "Østlandsserien 2004/2005, 4. div. C"]
[Site "Follo, Akershus NOR"]
[Date "2005.03.06"]
[Round "7"]
[White "Lange, David"]
[Black "Pettersen, Tobias"]
[Result "1-0"]
[WhiteElo "1016"]
[BlackElo "648"]
[PlyCount "77"]
[EventDate "2004.11.07"]

1. b4 e5 2. Bb2 Nc6 3. b5 Nd4 4. e3 Ne6 5. Bxe5 Qg5 6. Bb2 Qh5 7. Qxh5 Nf6 8.
Bxf6 gxf6 9. Nf3 d5 10. Nc3 Bd7 11. Nxd5 Rc8 12. Nxf6+ Ke7 13. Nxh7 Bg7 14.
Qh4+ f6 15. Ne5 Be8 16. Bd3 c5 17. Bg6 Bxg6 18. Nxg6+ Kf7 19. Nxh8+ Rxh8 20.
Qh5+ Kg8 21. O-O Rxh7 22. Qe8+ Bf8 23. Qxe6+ Kg7 24. d4 cxd4 25. exd4 Bb4 26.
c4 Rh4 27. Qe3 Bd6 28. h3 f5 29. Qg5+ Kf7 30. Qxh4 f4 31. Qh7+ Ke6 32. Rfe1+
Kf6 33. g4 Bb4 34. g5+ Kxg5 35. Re5+ Kf6 36. Qf5+ Kg7 37. Re8 Kh6 38. Rg8 Be7
39. Qg6# 1-0

[Event "Østlandsserien 2003/2004, 2. div. A"]
[Site "Ås"]
[Date "2003.11.09"]
[Round "1"]
[White "Lange, Holger"]
[Black "Kvamme, Roy"]
[Result "1-0"]
[WhiteElo "1834"]
[BlackElo "1921"]
[PlyCount "75"]
[EventDate "2003.??.??"]

1. e4 c5 2. Nf3 Nc6 3. d4 cxd4 4. Nxd4 g6 5. c4 Bg7 6. Be3 Qb6 7. Nb5 Qd8 8.
N1c3 Nf6 9. Be2 O-O 10. O-O b6 11. f4 d6 12. Bf3 Bb7 13. Rc1 Nd7 14. Qd2 Nc5
15. Rfd1 Ne6 16. Qf2 a6 17. Bxb6 Qc8 18. Nd5 Qd7 19. Nbc7 Rac8 20. Nxe6 fxe6
21. Bg4 Ne5 22. Qh4 Bxd5 23. cxd5 Nxg4 24. Qxg4 Bxb2 25. Rb1 Rc2 26. dxe6 Qb7
27. Bf2 Qxe4 28. g3 Rfc8 29. Re1 Qd5 30. Qg5 Rxf2 31. Qxd5 Rcc2 32. Red1 Rxh2
33. Qf3 Bf6 34. Qa8+ Kg7 35. Qf3 Rxa2 36. Ra1 Bxa1 37. Rxa1 Rxa1+ 38. Kxh2 1-0

[Event "Østlandsserien 2003/2004, 2. div. A"]
[Site "Hønefoss"]
[Date "2003.11.09"]
[Round "1.4"]
[White "Østebø, Roger"]
[Black "Lea, Per"]
[Result "1/2-1/2"]
[WhiteElo "1732"]
[BlackElo "1672"]
[PlyCount "53"]
[EventDate "2003.11.09"]
[WhiteTeam "Hønefoss 1"]
[BlackTeam "Follo 1"]

1. d4 d5 2. c4 e6 3. Nc3 Nf6 4. Nf3 c6 5. e3 Nbd7 6. Bd3 Bd6 7. O-O dxc4 8.
Bxc4 O-O 9. e4 e5 10. Bg5 exd4 11. Qxd4 Bc5 12. Qd2 Qe7 13. Kh1 Ne5 14. Nxe5
Qxe5 15. f4 Qd4 16. Qxd4 Bxd4 17. Bxf6 Bxf6 18. e5 Be7 19. Ne4 Rd8 20. Rae1 Be6
21. Bxe6 fxe6 22. a3 Rd5 23. Re2 Rf8 24. g3 g6 25. Kg2 Kg7 26. Rfe1 Rfd8 27.
Kf2 1/2-1/2

[Event "Østlandsserien 2003/2004, 2. div. A"]
[Site "Ås"]
[Date "2003.12.07"]
[Round "2"]
[White "Pham, Toan Thanh"]
[Black "Lange, Holger"]
[Result "1-0"]
[WhiteElo "1885"]
[BlackElo "1884"]
[PlyCount "123"]
[EventDate "2003.??.??"]

1. d4 Nf6 2. c4 e6 3. Nc3 Bb4 4. e3 c5 5. Bd3 Nc6 6. Nf3 O-O 7. O-O d5 8. a3
cxd4 9. exd4 dxc4 10. Bxc4 Bxc3 11. bxc3 Nd5 12. Qd3 h6 13. Bb3 Nf6 14. Bf4 b6
15. Rfe1 Bb7 16. Bc2 Rc8 17. Ne5 Ne7 18. Ng4 Ng6 19. Nxf6+ Qxf6 20. Bg3 Bd5 21.
a4 Bc4 22. Qe3 Bd5 23. Reb1 Rc6 24. Ra3 Rfc8 25. Qd3 Qe7 26. Rba1 Bc4 27. Qd2
Qf6 28. Re1 Bd5 29. Re3 Qg5 30. Qe1 Nh4 31. Be4 Bxe4 32. Rxe4 Nf5 33. Bf4 Qe7
34. Rb3 Nd6 35. Bxd6 Qxd6 36. Re3 Rc4 37. a5 bxa5 38. Rb7 a6 39. h3 Qc6 40. Rb3
a4 41. Ra3 Rb8 42. Rg3 Qd6 43. Qa1 Qc6 44. Qe1 Qb5 45. Qe2 Rxc3 46. Qxb5 Rc1+
47. Qf1 Rxf1+ 48. Kxf1 Rb4 49. Rgd3 Kf8 50. Ke2 Ke7 51. Ke3 Kd6 52. Rdc3 e5 53.
dxe5+ Kxe5 54. Rc5+ Kd6 55. Ra5 Rb3+ 56. Rxb3 axb3 57. Rxa6+ Kc5 58. Kd3 Kb5
59. Ra8 Kb4 60. Rb8+ Ka4 61. Kc3 b2 62. Rxb2 1-0

[Event "Østlandsserien 2003/2004, 2. div. A"]
[Site "Ås"]
[Date "2004.01.17"]
[Round "3"]
[White "Ristesund, Odd"]
[Black "Lange, Holger"]
[Result "0-1"]
[WhiteElo "1506"]
[BlackElo "1884"]
[PlyCount "68"]
[EventDate "2004.??.??"]

1. c4 Nf6 2. Nc3 c5 3. Nf3 Nc6 4. g3 e6 5. Bg2 Be7 6. O-O O-O 7. d4 cxd4 8.
Nxd4 Qb6 9. e3 a6 10. b3 d6 11. Ba3 Rd8 12. Qd2 Nxd4 13. Qxd4 Qxd4 14. exd4 Rb8
15. Rfe1 Bf8 16. Rad1 Bd7 17. d5 e5 18. Bf1 b5 19. cxb5 axb5 20. Bb4 Rdc8 21.
Rc1 Ne8 22. Ne4 f5 23. Ng5 Nc7 24. Bg2 h6 25. Nh3 Na6 26. Ba3 b4 27. Bb2 Nc5
28. Bf1 Ra8 29. Ra1 Ne4 30. f3 Nd2 31. Be2 Rc2 32. Bc1 Nxb3 33. Rb1 Nxc1 34.
Rbxc1 Raxa2 0-1

[Event "Østlandsserien 2003/2004, 3. div. D"]
[Site "Ås"]
[Date "2004.02.08"]
[Round "4.2"]
[White "Lea, Per"]
[Black "Romslo, Christian"]
[Result "0-1"]
[WhiteElo "1631"]
[BlackElo "1562"]
[PlyCount "72"]
[EventDate "2003.11.09"]
[WhiteTeam "Follo 2"]
[BlackTeam "OSS 4"]

1. e4 c5 2. Nf3 Nc6 3. d4 cxd4 4. Nxd4 Nf6 5. Nc3 e5 6. Ndb5 d6 7. Bg5 a6 8.
Na3 b5 9. Nd5 Be7 10. Bxf6 Bxf6 11. c3 Be6 12. Nxf6+ gxf6 13. g3 d5 14. Bg2 d4
15. cxd4 Nxd4 16. O-O Rc8 17. Kh1 Qd7 18. Rc1 Bxa2 19. Rxc8+ Qxc8 20. Qc1 Qxc1
21. Rxc1 Kd7 22. Nb1 Bxb1 23. Rxb1 a5 24. Bf1 Kc6 25. Rc1+ Kb6 26. Bd3 a4 27.
Kg1 Rd8 28. Kf1 Nb3 29. Rd1 Rc8 30. Bb1 Nd4 31. h4 b4 32. Ke1 Ka5 33. Kd2 a3
34. bxa3 bxa3 35. Kd3 Kb4 36. Ba2 Rc3+ 0-1

[Event "Østlandsserien 2003/2004, 2. div. A"]
[Site "Ås"]
[Date "2004.02.08"]
[Round "5"]
[White "Lange, Holger"]
[Black "Snellingen, Jørn"]
[Result "0-1"]
[WhiteElo "1884"]
[BlackElo "1800"]
[PlyCount "79"]
[EventDate "2004.??.??"]

1. e4 Nf6 2. e5 Nd5 3. d4 d6 4. c4 Nb6 5. Nf3 Bg4 6. Be2 Nc6 7. exd6 exd6 8.
O-O Be7 9. Be3 O-O 10. Nbd2 d5 11. b3 Bf6 12. Rc1 Re8 13. h3 Be6 14. c5 Nc8 15.
a3 a5 16. Bb5 Bd7 17. Qc2 N8e7 18. Bd3 Ng6 19. Rb1 Qc8 20. Rfc1 Nce7 21. Bg5
Bxg5 22. Nxg5 Nf5 23. Ngf3 Nf4 24. Bf1 Qd8 25. Qc3 Qf6 26. Ne5 Be6 27. Ndf3 Nh4
28. Re1 Bf5 29. Rbd1 Nxf3+ 30. Qxf3 Be4 31. Qg3 Ng6 32. Nxg6 fxg6 33. Qxc7 Bc2
34. Rxe8+ Rxe8 35. Rc1 Bxb3 36. Qxb7 a4 37. Qd7 Rf8 38. f3 Qf4 39. Re1 Qxd4+
40. Kh2 0-1

[Event "Østlandsserien 2003/2004, 2. div. A"]
[Site "Ås"]
[Date "2004.03.06"]
[Round "6.5"]
[White "Christenson, Bjørn Aage"]
[Black "Lea, Per"]
[Result "1/2-1/2"]
[WhiteElo "1804"]
[BlackElo "1631"]
[PlyCount "74"]
[EventDate "2003.11.09"]
[WhiteTeam "Nordstrand 3"]
[BlackTeam "Follo 1"]

1. e4 e5 2. Nf3 Nc6 3. Bb5 a6 4. Ba4 Nf6 5. O-O Be7 6. Re1 b5 7. Bb3 O-O 8. c3
d5 9. exd5 Nxd5 10. d4 exd4 11. Nxd4 Nxd4 12. Qxd4 Bb7 13. Nd2 Re8 14. Ne4 c5
15. Qd1 c4 16. Bc2 Nf6 17. Bf4 Nxe4 18. Bxe4 Bxe4 19. Rxe4 Bf6 20. Qe2 Rxe4 21.
Qxe4 Qe8 22. Qb7 Qc8 23. Qd5 Qd8 24. Rd1 Qxd5 25. Rxd5 Rd8 26. Rxd8+ Bxd8 27.
Kf1 f6 28. Ke2 Kf7 29. b3 Ke6 30. bxc4 bxc4 31. Be3 Kd5 32. g4 Bc7 33. h4 Be5
34. Bd2 g5 35. hxg5 fxg5 36. Bxg5 Bxc3 37. f4 Bg7 1/2-1/2

[Event "Østlandsserien 2003/2004, 2. div. A"]
[Site "Drammen"]
[Date "2004.03.07"]
[Round "7.4"]
[White "Thjømøe, Hans Richard"]
[Black "Lea, Per"]
[Result "1-0"]
[WhiteElo "1641"]
[BlackElo "1631"]
[PlyCount "95"]
[EventDate "2003.11.09"]
[WhiteTeam "Drammen 2"]
[BlackTeam "Follo 1"]

1. e4 e5 2. Nf3 Nc6 3. Bb5 a6 4. Ba4 Nf6 5. O-O b5 6. Bb3 Be7 7. c3 O-O 8. d4
exd4 9. e5 Ne4 10. cxd4 d5 11. Nc3 Nxc3 12. bxc3 f6 13. Re1 Na5 14. Bc2 f5 15.
Nd2 Qe8 16. Qf3 Be6 17. Nb3 Nxb3 18. Bxb3 c6 19. Bd2 a5 20. a4 b4 21. cxb4 Bxb4
22. Bxb4 axb4 23. Rec1 Ra5 24. Ra2 Qd7 25. Rac2 Rc8 26. Rc5 Rxc5 27. Rxc5 Qb7
28. Qe2 Ra8 29. Qc2 Ra6 30. Ba2 Qa8 31. Bb3 Qb7 32. h3 g6 33. Qd2 Kg7 34. Qg5
Qf7 35. Qd8 Qd7 36. Qb8 Qa7 37. Qxb4 Rb6 38. Qc3 Qb7 39. Bc2 Bd7 40. Kh2 Rb2
41. f4 Qb4 42. Qe3 Rxc2 43. Rxc2 Qxa4 44. Rc5 Kf7 45. Qc3 Ke6 46. Ra5 Qd1 47.
Qc5 Be8 48. Ra7 1-0

[Event "Østlandsserien 2003/2004, 4. div. B"]
[Site "Ås, Akershus NOR"]
[Date "2003.12.07"]
[Round "2"]
[White "Furnes, Torstein"]
[Black "Braathen, Sigurd"]
[Result "1-0"]
[WhiteElo "1494"]
[BlackElo "1227"]
[PlyCount "58"]
[EventDate "2003.11.09"]
[Board "2"]
[WhiteTeam "Follo 3"]
[BlackTeam "Sarpsborg 2"]

1. d4 d5 2. c4 e6 3. Nc3 Nf6 4. Bg5 Be7 5. e3 O-O 6. Nf3 Ne4 7. Bxe7 Qxe7 8.
Qc2 f5 9. cxd5 Nxc3 10. Qxc3 exd5 11. Rc1 Nc6 12. Bb5 f4 13. Bxc6 bxc6 14. Qxc6
fxe3 15. O-O Qe4 16. fxe3 Qxe3+ 17. Kh1 Bg4 18. Rce1 Qd3 19. Qxd5+ Kh8 20. h3
Rad8 21. Qe5 Bxh3 22. gxh3 h6 23. Qe4 Rxd4 24. Qxd4 Qf5 25. Qg4 Qc2 26. Qg2 Qc6
27. Re7 g5 28. Qe2 a5 29. Qe6 Qb5 1-0

[Event "Østlandsserien 2003/2004, 4. div. B"]
[Site "Moss, Østfold NOR"]
[Date "2004.01.18"]
[Round "3"]
[White "Johansen, Arnstein"]
[Black "Furnes, Torstein"]
[Result "0-1"]
[WhiteElo "1350"]
[BlackElo "1539"]
[PlyCount "46"]
[EventDate "2003.11.09"]
[Board "2"]
[WhiteTeam "Moss 2"]
[BlackTeam "Follo 3"]

1. d4 d5 2. Nf3 Nf6 3. c4 e6 4. Nc3 Be7 5. Bg5 O-O 6. e3 Nbd7 7. Bd3 dxc4 8.
Bxc4 c5 9. d5 exd5 10. Nxd5 Nxd5 11. Bxe7 Nxe7 12. Qc2 Qa5+ 13. Ke2 h6 14. h4
b5 15. Bd3 Bb7 16. Rad1 Rfd8 17. Bh7+ Kf8 18. h5 Qxa2 19. Rh4 Nf6 20. Ne5 Nxh7
21. Qxh7 Qxb2+ 22. Ke1 Rxd1+ 23. Kxd1 Qxe5 0-1

[Event "Østlandsserien 2003/2004, 4. div. B"]
[Site "Ås, Akershus NOR"]
[Date "2004.02.08"]
[Round "4"]
[White "Furnes, Torstein"]
[Black "Milovan, Bernt"]
[Result "1/2-1/2"]
[WhiteElo "1539"]
[BlackElo "1161"]
[PlyCount "54"]
[EventDate "2003.11.09"]
[Board "2"]
[WhiteTeam "Follo 3"]
[BlackTeam "Moss 3"]

1. d4 d5 2. c4 c6 3. e3 Nf6 4. Nf3 Bg4 5. cxd5 Qxd5 6. Be2 e6 7. Nc3 Qa5 8. O-O
Bd6 9. e4 Bb4 10. Qc2 O-O 11. Be3 Nbd7 12. a3 Bxc3 13. bxc3 Bh5 14. c4 Bg6 15.
Bd3 e5 16. dxe5 Nxe5 17. Nxe5 Qxe5 18. f4 Qe7 19. e5 Bxd3 20. Qxd3 Rfd8 21.
exf6 Rxd3 22. fxe7 Rxe3 23. Rfe1 Rxe1+ 24. Rxe1 Re8 25. Rd1 f6 26. Rd7 Kf7 27.
Rxb7 Rxe7 1/2-1/2